000 00444nam a2200181Ia 4500
001 23980
005 20260414151013.0
008 260414t1990||||xx |||||||||||||| ||spa||
041 _aESP
082 _a739.46092
_bA149
100 _aAizkorbe
_eAUT
245 0 _aFeria universal de Sevilla expo 92 :
_bpuerto de indias
260 _c1990
300 _a50 páginas :
_c25 cm.
650 _aABD
654 _aCAU
942 _cLIB
_dJUS
_fJUS
_2ddc
_n
999 _c23980
_d23980